00714nam a2200217 a 450000100060000000300080000600500170001400800410003103500190007204000330009104100080012408200260013210000480015824501280020625000120033426000360034630000250038250400190040765000540042670000160048025718BD-RjUL20211209050922.0161106s1962 nyu 001 0 eng d a(BD-RjUL)25788 aDLCcCarPdDLCdBD-RjULbeng aeng00223a320.944bMAF 19621 aMartin, Kingsley,d1897- [from old catalog]10aFrench liberal thought in the eighteenth century :ba study of political ideas from Bayle to Condorcet /c Kingsley Martin, a2nd.ed. aLondon :bPhoenix House,c1962. axx, 316 p. ;c23 cm. aIncludes Index 0aPolitical sciencezFrancexHistoryy18th century.1 aMayer, J. P